[Event "Westmount-Lakeshore match"]
[Site "Montreal CAN"]
[Date "1988.03.24"]
[Round "1"]
[White "Brodie, Hugh"]
[Black "Shevchenko, Greg"]
[Result "1-0"]
[WhiteElo "2000"]
[BlackElo "1800"]
[PlyCount "43"]
[EventDate "1988.03.24"]
[EventType "team"]
[EventRounds "1"]
[EventCountry "CAN"]

1. e4 e6 2. d3 d5 3. Nd2 c5 4. Ngf3 Nc6 5. g3 Bd6 6. Bg2 Nge7 7. O-O O-O 8. Re1
Ng6 9. Nf1 d4 10. h4 e5 11. N1h2 Be6 12. Ng5 Qf6 13. Qh5 h6 14. Nxe6 fxe6 15.
Ng4 Qf7 16. Bxh6 Nce7 17. Bg5 b5 18. Rf1 c4 19. f4 exf4 20. e5 Bc5 21. Bxe7
Bxe7 22. Be4 1-0

[Event "Saint John op"]
[Site "Saint John CAN"]
[Date "1988.01.30"]
[Round "1"]
[White "McTavish, David"]
[Black "Brodie, Hugh"]
[Result "1-0"]
[WhiteElo "2115"]
[BlackElo "2015"]
[PlyCount "65"]
[EventDate "1988.01.30"]
[EventType "swiss"]
[EventRounds "5"]
[EventCountry "CAN"]

1. e4 c5 2. Nf3 Nc6 3. d4 cxd4 4. Nxd4 g6 5. c4 Bg7 6. Be3 Nf6 7. Nc3 Ng4 8.
Qxg4 Nxd4 9. Qd1 e5 10. g3 d6 11. Bg2 O-O 12. O-O Be6 13. b3 a6 14. Qd2 Rc8 15.
Ne2 b5 16. Nxd4 exd4 17. Bxd4 Bxd4 18. Qxd4 bxc4 19. b4 Qc7 20. Rfc1 c3 21. Bf1
Qc6 22. a4 Rc7 23. Ra3 Rfc8 24. Raxc3 Qxc3 25. Rxc3 Rxc3 26. Bxa6 Bh3 27. f3
Rc1+ 28. Kf2 R1c2+ 29. Ke3 R8c3+ 30. Kf4 g5+ 31. Kxg5 Rxf3 32. Kh6 f6 33. Qd5+
1-0

[Event "Saint John op"]
[Site "Saint John CAN"]
[Date "1988.01.30"]
[Round "2"]
[White "Brodie, Hugh"]
[Black "Padjen, Zdenko"]
[Result "1-0"]
[WhiteElo "2015"]
[BlackElo "2085"]
[PlyCount "44"]
[EventDate "1988.01.30"]
[EventType "swiss"]
[EventRounds "5"]
[EventCountry "CAN"]

1. e4 e5 2. Nc3 Bc5 3. Bc4 Ne7 4. Nf3 Ng6 5. d4 exd4 6. Nxd4 O-O 7. O-O d6 8.
Be3 c6 9. Bb3 Qf6 10. f4 b5 11. Ncxb5 Ba6 12. Nc7 Bxf1 13. f5 Na6 14. Nxa8 Bxg2
15. Kxg2 Nh4+ 16. Kh1 Rxa8 17. c3 Re8 18. Qg4 h5 19. Qxh5 Qe7 20. Bc2 Bxd4 21.
Bxd4 c5 22. Bf2 g5 1-0

[Event "Saint John op"]
[Site "Saint John CAN"]
[Date "1988.01.31"]
[Round "3"]
[White "Rasmussen, Barry"]
[Black "Brodie, Hugh"]
[Result "1-0"]
[WhiteElo "2090"]
[BlackElo "2015"]
[PlyCount "73"]
[EventDate "1988.01.30"]
[EventType "swiss"]
[EventRounds "5"]
[EventCountry "CAN"]

1. e4 c5 2. Nf3 Nc6 3. d4 cxd4 4. Nxd4 g6 5. c4 Bg7 6. Be3 Nf6 7. f3 d6 8. Qd2
Nxd4 9. Bxd4 Be6 10. Nc3 O-O 11. Be2 Rc8 12. Nd5 Bxd5 13. exd5 b6 14. O-O Nd7
15. Bxg7 Kxg7 16. Qd4+ Kg8 17. b4 Rc7 18. Rfc1 Nf6 19. Rc3 Qd7 20. Bd1 Rfc8 21.
Bb3 Qf5 22. Re3 Qd7 23. Rae1 Qd8 24. g4 Ne8 25. f4 Ng7 26. f5 f6 27. Qd3 g5 28.
h4 h6 29. hxg5 hxg5 30. Qe2 Kf7 31. Qh2 Qg8 32. Rh3 Rf8 33. Rh7 Ke8 34. Qh6 e5
35. dxe6 Nxf5 36. Qh5+ Kd8 37. Rxc7 1-0

[Event "Saint John op"]
[Site "Saint John CAN"]
[Date "1988.01.31"]
[Round "4"]
[White "Brodie, Hugh"]
[Black "Charlton, Glenn"]
[Result "1/2-1/2"]
[WhiteElo "2015"]
[BlackElo "1979"]
[PlyCount "101"]
[EventDate "1988.01.30"]
[EventType "swiss"]
[EventRounds "5"]
[EventCountry "CAN"]

1. e4 g6 2. d4 Bg7 3. Nc3 d6 4. f4 Nc6 5. Nf3 Bg4 6. d5 Nd4 7. Be2 Nxe2 8. Qxe2
c6 9. dxc6 bxc6 10. O-O Nf6 11. Be3 O-O 12. Rad1 Nd7 13. h3 Bxf3 14. Qxf3 Rb8
15. Bc1 Qa5 16. Kh1 Nc5 17. a3 Na4 18. Nxa4 Qxa4 19. b3 Qb5 20. Rd3 c5 21. c4
Qc6 22. Qe2 Rb7 23. Rff3 Rfb8 24. e5 dxe5 25. fxe5 Qe6 26. Bf4 f5 27. Qd2 Kf7
28. Qe3 Rc8 29. Rd5 Rbc7 30. Rf1 h5 31. Rfd1 Ke8 32. Qd3 Rb7 33. Qe3 Rbc7 34.
R1d3 Kf7 35. Qg3 Rb7 36. Qe3 Rbc7 37. Bg3 Kg8 38. Rd8+ Rxd8 39. Rxd8+ Kf7 40.
Rd5 Ke8 41. Bf2 Qb6 42. Rxc5 Rxc5 43. Qxc5 Qxb3 44. Qc8+ Kf7 45. e6+ Kf6 46.
Bd4+ Kg5 47. Bxg7 Qd1+ 48. Kh2 Qd6+ 49. Kg1 Qd1+ 50. Kf2 Qd2+ 51. Kf3 1/2-1/2

[Event "Saint John op"]
[Site "Saint John CAN"]
[Date "1988.02.01"]
[Round "5"]
[White "Moran, Richard"]
[Black "Brodie, Hugh"]
[Result "1/2-1/2"]
[WhiteElo "2120"]
[BlackElo "2015"]
[PlyCount "98"]
[EventDate "1988.01.30"]
[EventType "swiss"]
[EventRounds "5"]
[EventCountry "CAN"]

1. e4 c5 2. b4 cxb4 3. a3 d5 4. exd5 Qxd5 5. Nf3 Nf6 6. axb4 Bg4 7. Nc3 Qd8 8.
h3 Bh5 9. g4 Bg6 10. Bb5+ Nc6 11. Ne5 Qc7 12. f4 e6 13. Qf3 Rc8 14. Rxa7 Qb6
15. Nxc6 bxc6 16. Ra6 Be4 17. Rxb6 Bxf3 18. O-O Bxb4 19. Bxc6+ Bxc6 20. Rxb4
O-O 21. Bb2 Rb8 22. Rxb8 Rxb8 23. Ba3 Ne4 24. Nxe4 Bxe4 25. d3 Bc6 26. f5 Ba4
27. fxe6 fxe6 28. c4 Bc2 29. Rf3 Rd8 30. d4 Be4 31. Rf4 Bd3 32. c5 Rf8 33.
Rxf8+ Kxf8 34. c6+ Ke8 35. c7 Kd7 36. Bd6 Ba6 37. Be5 g6 38. Kf2 h5 39. Ke3
hxg4 40. hxg4 Bc4 41. Kf4 Be2 42. Bd6 Bd1 43. g5 Bc2 44. Ke5 Bf5 45. Kf6 Kc8
46. Be5 Kd7 47. Kf7 Kc8 48. Ke7 Bg4 49. Kf7 Bf5 1/2-1/2

[Event "Saint John op"]
[Site "Saint John CAN"]
[Date "1988.02.01"]
[Round "6"]
[White "Brodie, Hugh"]
[Black "Grogan, Richard"]
[Result "0-1"]
[WhiteElo "2015"]
[BlackElo "2120"]
[PlyCount "82"]
[EventDate "1988.01.30"]
[EventType "swiss"]
[EventRounds "5"]
[EventCountry "CAN"]

1. e4 e5 2. Nc3 Nf6 3. f4 d5 4. fxe5 Nxe4 5. Nf3 Bc5 6. d4 Bb4 7. Bd2 Nxd2 8.
Qxd2 Bf5 9. Bd3 Bxd3 10. Qxd3 c6 11. O-O Nd7 12. Ne2 g6 13. c3 Be7 14. Nf4 Nf8
15. Nd2 Qd7 16. Rf3 Ne6 17. Nxe6 Qxe6 18. Raf1 O-O 19. Qe3 f5 20. Qh6 Rf7 21.
Rh3 Bf8 22. Qe3 b6 23. Nf3 h6 24. Qd3 Bg7 25. Qe2 Raf8 26. Ne1 g5 27. Nc2 f4
28. Rd3 Qg6 29. Qd1 g4 30. Kh1 h5 31. Ne1 Rf5 32. b3 Rg5 33. Qd2 Qe4 34. Qd1 h4
35. Rf2 h3 36. Re2 hxg2+ 37. Nxg2 Qh7 38. Rb2 f3 39. Ne3 f2 40. Kg2 Qh3+ 41.
Kh1 f1=Q+ 0-1

[Event "Saint John op"]
[Site "Saint John CAN"]
[Date "1988.02.02"]
[Round "7"]
[White "Antreasyan, Erol"]
[Black "Brodie, Hugh"]
[Result "0-1"]
[WhiteElo "1800"]
[BlackElo "2015"]
[PlyCount "102"]
[EventDate "1988.01.30"]
[EventType "swiss"]
[EventRounds "5"]
[EventCountry "CAN"]

1. d4 e6 2. c4 Bb4+ 3. Bd2 Qe7 4. Nf3 f5 5. Nc3 Bxc3 6. Bxc3 b6 7. e3 Nf6 8.
Bd3 Bb7 9. O-O O-O 10. Qc2 d6 11. Nd2 Nbd7 12. b4 Qf7 13. f3 Qh5 14. d5 Qf7 15.
dxe6 Qxe6 16. Rae1 g6 17. e4 fxe4 18. Nxe4 Nxe4 19. Bxe4 Bxe4 20. Rxe4 Qf7 21.
Bb2 Rae8 22. Qc3 Ne5 23. Rfe1 g5 24. h4 h6 25. hxg5 hxg5 26. Qe3 Qf6 27. Bxe5
dxe5 28. Rxe5 Rxe5 29. Qxe5 Rf7 30. Qxf6 Rxf6 31. Re7 Rc6 32. Re4 Kf7 33. Kf2
Rd6 34. Ke3 Rd1 35. Rd4 Re1+ 36. Kd3 Ra1 37. Rd7+ Ke6 38. Rxc7 Rxa2 39. g4 Ke5
40. Re7+ Kf6 41. Re3 a5 42. bxa5 Ra3+ 43. Kd4 Rxe3 44. Kxe3 bxa5 45. Kd4 a4 46.
c5 a3 47. Kc3 Ke5 48. f4+ gxf4 49. g5 a2 50. Kb2 a1=Q+ 51. Kxa1 f3 0-1

[Event "Saint John op"]
[Site "Saint John CAN"]
[Date "1988.02.02"]
[Round "8"]
[White "Brodie, Hugh"]
[Black "Hurchalla, David"]
[Result "0-1"]
[WhiteElo "2015"]
[BlackElo "2040"]
[PlyCount "120"]
[EventDate "1988.01.30"]
[EventType "swiss"]
[EventRounds "5"]
[EventCountry "CAN"]

1. e4 c5 2. Nf3 Nc6 3. c3 Nf6 4. Bd3 d5 5. exd5 Nxd5 6. Bc2 Bg4 7. h3 Bh5 8.
O-O e6 9. Re1 Qf6 10. Be4 O-O-O 11. d4 Bxf3 12. Bxf3 cxd4 13. c4 Nb6 14. Bxc6
bxc6 15. Nd2 Bb4 16. Qb3 Bxd2 17. Bxd2 Rd7 18. Re4 Rb7 19. Qd3 Rd8 20. Rae1 Qg6
21. b3 c5 22. Qf3 h6 23. Ba5 Qf6 24. Rf4 Qe7 25. Rfe4 Re8 26. Re5 Nd7 27. Qc6+
Kb8 28. R5e2 Rc8 29. Qf3 Qf6 30. Qg3+ Ka8 31. f4 Rg8 32. Bd2 Qd8 33. Qf3 Re8
34. Qh5 Rf8 35. Qg4 Qf6 36. Qf3 Rc8 37. Qe4 Nb8 38. Qf3 Nc6 39. Qh5 Nb4 40.
Bxb4 Rxb4 41. Re5 Rbb8 42. Rxc5 Qxf4 43. Rxc8 Rxc8 44. Qb5 Qd6 45. Qh5 Rc7 46.
Rf1 f6 47. Re1 e5 48. Qe8+ Kb7 49. Qb5+ Qb6 50. Qd5+ Ka6 51. Rb1 Qc6 52. Qd8
Qd7 53. Qf8 d3 54. Qa3+ Kb7 55. Qb4+ Kc8 56. Rd1 e4 57. Kf2 f5 58. Qf8+ Kb7 59.
Qb4+ Ka8 60. Ke3 Qe7 0-1

[Event "Lakeshore CC ch"]
[Site "Montreal CAN"]
[Date "1988.01.22"]
[Round "1"]
[White "Brodie, Hugh"]
[Black "Thibault, Serge"]
[Result "1-0"]
[WhiteElo "2004"]
[BlackElo "1900"]
[PlyCount "65"]
[EventDate "1988.01.22"]
[EventType "tourn"]
[EventRounds "6"]
[EventCountry "CAN"]

1. e4 e5 2. Nc3 Nf6 3. f4 d5 4. fxe5 Nxe4 5. Nf3 Bg4 6. Qe2 Ng5 7. d4 Ne6 8.
Be3 c6 9. Qd2 Be7 10. Bd3 Bxf3 11. gxf3 Bh4+ 12. Kf1 Nd7 13. Rg1 Qe7 14. Ne2
O-O-O 15. f4 f6 16. f5 fxe5 17. fxe6 Rdf8+ 18. Kg2 Qxe6 19. Ng3 e4 20. Be2 Nf6
21. Raf1 Bxg3 22. Kxg3 h5 23. h3 h4+ 24. Kh2 Qe7 25. Bg5 Qc7+ 26. Bf4 Qe7 27.
Qe3 Nh5 28. Bg4+ Kd8 29. Bg5 Nf6 30. Qf4 Nxg4+ 31. Rxg4 Rxf4 32. Bxe7+ Kxe7 33.
Rfxf4 1-0

[Event "Lakeshore CC ch"]
[Site "Montreal CAN"]
[Date "1988.02.05"]
[Round "2"]
[White "Seidel, Erhard"]
[Black "Brodie, Hugh"]
[Result "0-1"]
[WhiteElo "1514"]
[BlackElo "2004"]
[PlyCount "118"]
[EventDate "1988.01.22"]
[EventType "tourn"]
[EventRounds "6"]
[EventCountry "CAN"]

1. e4 c5 2. f4 e6 3. Nf3 d5 4. e5 Nc6 5. c3 d4 6. a3 Nge7 7. Bb5 Qb6 8. Ba4 Bd7
9. d3 Nf5 10. c4 Be7 11. O-O O-O 12. g4 Ne3 13. Bxe3 dxe3 14. Ra2 Rad8 15. Nc3
Nd4 16. Bxd7 Rxd7 17. Qe1 Nxf3+ 18. Rxf3 Rxd3 19. Rxe3 Rfd8 20. Rxd3 Rxd3 21.
Qe2 Qd8 22. Nd5 Rd4 23. Nxe7+ Qxe7 24. b3 Rxf4 25. Rd2 Qh4 26. h3 Qg3+ 27. Qg2
Qe3+ 28. Qf2 Qxf2+ 29. Rxf2 Rd4 30. Rf3 Kf8 31. Kf2 Ke7 32. g5 Re4 33. Re3 Rf4+
34. Kg3 Rd4 35. Rf3 Re4 36. h4 Rxe5 37. b4 f6 38. gxf6+ gxf6 39. b5 Re4 40. Rc3
h5 41. a4 Kd6 42. Rd3+ Rd4 43. Rc3 e5 44. a5 f5 45. a6 b6 46. Rc2 Rd3+ 47. Kg2
e4 48. Rf2 Ke5 49. Rc2 f4 50. Rc1 e3 51. Kf3 Rd2 52. Rc2 Rf2+ 53. Rxf2 exf2 54.
Kxf2 Kd4 55. Kf3 Kxc4 56. Kxf4 Kd3 57. Kg5 c4 58. Kxh5 c3 59. Kg6 c2 0-1

[Event "Lakeshore CC ch"]
[Site "Montreal CAN"]
[Date "1988.02.19"]
[Round "3"]
[White "Brodie, Hugh"]
[Black "Leimanis, Andris"]
[Result "1-0"]
[WhiteElo "2004"]
[BlackElo "1900"]
[PlyCount "89"]
[EventDate "1988.01.22"]
[EventType "tourn"]
[EventRounds "6"]
[EventCountry "CAN"]

1. f4 d5 2. Nf3 Nf6 3. e3 e6 4. b3 c5 5. Bb2 Be7 6. Be2 Nc6 7. O-O O-O 8. Ne5
Ne4 9. d3 Nd6 10. Bg4 Bf6 11. Nd2 Ne7 12. e4 d4 13. Nef3 g6 14. e5 Nd5 15. Ne1
Ne3 16. Qe2 Nxf1 17. Qxf1 Ne8 18. exf6 Nxf6 19. Bh3 Nd5 20. Ne4 Qc7 21. g3 f5
22. Nd2 e5 23. fxe5 f4 24. Bxc8 Qxc8 25. Qf3 Qe6 26. g4 Ne3 27. h3 b6 28. Ne4
Qxe5 29. g5 Rad8 30. Rc1 h6 31. h4 hxg5 32. hxg5 Rf7 33. Ng2 Kg7 34. c3 Nxg2
35. Kxg2 Rh8 36. cxd4 cxd4 37. Rc4 Rd7 38. Bc1 Qa5 39. Bd2 Qxa2 40. Qxf4 Rf8
41. Qe5+ Kh7 42. Rc1 Kg8 43. Qe6+ Rdf7 44. Rc7 Kg7 45. Qf6+ 1-0

[Event "Lakeshore CC ch"]
[Site "Montreal CAN"]
[Date "1988.02.26"]
[Round "4"]
[White "Kolodny, Boris"]
[Black "Brodie, Hugh"]
[Result "1/2-1/2"]
[WhiteElo "1850"]
[BlackElo "2004"]
[PlyCount "31"]
[EventDate "1988.01.22"]
[EventType "tourn"]
[EventRounds "6"]
[EventCountry "CAN"]

1. e4 c5 2. Nf3 Nc6 3. Bc4 g6 4. O-O Bg7 5. Nc3 d6 6. d3 Nf6 7. h3 O-O 8. Bg5
h6 9. Bf4 a6 10. a4 Bd7 11. Qd2 Kh7 12. Nd1 Na5 13. Ne3 Nxc4 14. Nxc4 b5 15.
axb5 axb5 16. Rxa8 1/2-1/2

[Event "Lakeshore CC ch"]
[Site "Montreal CAN"]
[Date "1988.03.11"]
[Round "5"]
[White "Brodie, Hugh"]
[Black "Kafadarow, Nasco"]
[Result "0-1"]
[WhiteElo "2004"]
[BlackElo "2000"]
[PlyCount "86"]
[EventDate "1988.01.22"]
[EventType "tourn"]
[EventRounds "6"]
[EventCountry "CAN"]

1. e4 c5 2. Nf3 Nc6 3. Bb5 a6 4. Bxc6 bxc6 5. O-O g6 6. c3 Bg7 7. d4 cxd4 8.
cxd4 Nf6 9. Nc3 O-O 10. h3 d6 11. Be3 Qa5 12. Qd2 Qh5 13. Nh2 Rb8 14. f4 e5 15.
dxe5 dxe5 16. Bc5 Be6 17. Bxf8 Bxf8 18. fxe5 Qxe5 19. Nf3 Bc5+ 20. Kh1 Qc7 21.
Ng5 Nh5 22. g4 Ng3+ 23. Kg2 Nxf1 24. Rxf1 Bc4 25. Rd1 Be7 26. b3 Rd8 27. Qc1
Rxd1 28. Nxd1 Be2 29. Nc3 Bd3 30. Qe3 Qe5 31. Qxd3 Bxg5 32. Na4 Be7 33. Nc3 Bd6
34. Ne2 Qh2+ 35. Kf1 Qh1+ 36. Kf2 Bc5+ 37. Kg3 Qe1+ 38. Kg2 Qf2+ 39. Kh1 Qf1+
40. Kh2 Qf2+ 41. Kh1 Qf1+ 42. Kh2 Bg1+ 43. Kh1 Bd4+ 0-1

[Event "Lakeshore CC ch"]
[Site "Montreal CAN"]
[Date "1988.04.08"]
[Round "6"]
[White "Moshopoulos, Angelos"]
[Black "Brodie, Hugh"]
[Result "1-0"]
[WhiteElo "2000"]
[BlackElo "2004"]
[PlyCount "125"]
[EventDate "1988.01.22"]
[EventType "tourn"]
[EventRounds "6"]
[EventCountry "CAN"]

1. e4 c5 2. Nf3 Nc6 3. d4 cxd4 4. Nxd4 g6 5. Be3 Bg7 6. Nxc6 bxc6 7. Bd4 Nf6 8.
Nc3 O-O 9. Be2 d5 10. exd5 cxd5 11. O-O Bb7 12. a4 Ne8 13. a5 Nc7 14. a6 Bc6
15. Bxg7 Kxg7 16. Qd4+ f6 17. f4 Qd6 18. f5 e5 19. fxe6 Nxe6 20. Qf2 Qb4 21.
Bf3 Nc7 22. Nd1 Rf7 23. Ra3 Qd6 24. Nc3 Rb8 25. Qxa7 Rxb2 26. Rb3 Rxc2 27. Qb6
Rd7 28. Bg4 Rd8 29. Ne2 d4 30. Nf4 h5 31. Bh3 Kh6 32. Rb2 d3 33. Qe3 Qd4 34.
Qxd4 Rxd4 35. Nxd3 Rxb2 36. Nxb2 f5 37. Rc1 Rd6 38. a7 Na8 39. Nc4 Re6 40. Kf2
Kg7 41. g3 Be4 42. Ra1 Nc7 43. Bf1 Kf6 44. Be2 Ke7 45. Ra5 Kd7 46. Nd2 Ba8 47.
Nb3 Rd6 48. Nc5+ Kc6 49. Na4 Kd7 50. Nc5+ Kc6 51. Na6 Kb6 52. Nxc7 Kxc7 53. Bf3
Rd8 54. h4 Kb6 55. Bxa8 Rxa8 56. Ra3 Kc5 57. Kf3 Kd5 58. Kf4 Ke6 59. Kg5 Kf7
60. Ra6 f4 61. gxf4 Kg7 62. Rxg6+ Kf7 63. Rh6 1-0

[Event "Ouaouais op"]
[Site "Hull CAN"]
[Date "1987.11.07"]
[Round "1"]
[White "Brodie, Hugh"]
[Black "Johnstone, Glenn"]
[Result "0-1"]
[WhiteElo "2004"]
[BlackElo "2328"]
[PlyCount "58"]
[EventDate "1987.11.07"]
[EventType "swiss"]
[EventRounds "5"]
[EventCountry "CAN"]

1. e4 e5 2. Nc3 Bc5 3. Nf3 d6 4. d4 exd4 5. Nxd4 Nc6 6. Be3 Bb4 7. Bc4 Nf6 8.
f3 Ne5 9. Qe2 a6 10. a3 Bxc3+ 11. bxc3 O-O 12. O-O b5 13. Bd5 Nxd5 14. exd5 Re8
15. Qf2 Bb7 16. Nc6 Bxc6 17. dxc6 Nxc6 18. Bd4 Qg5 19. Rfe1 Ne7 20. Re4 Ng6 21.
Rae1 Rxe4 22. Rxe4 Qc1+ 23. Re1 Qxa3 24. Qd2 Qa2 25. Bf2 Qc4 26. Re4 Qc6 27. h4
h5 28. c4 bxc4 29. Qg5 Qb5 0-1

[Event "Ouaouais op"]
[Site "Hull CAN"]
[Date "1987.11.07"]
[Round "2"]
[White "Kosich, Dusan"]
[Black "Brodie, Hugh"]
[Result "0-1"]
[WhiteElo "1677"]
[BlackElo "2004"]
[PlyCount "92"]
[EventDate "1987.11.07"]
[EventType "swiss"]
[EventRounds "5"]
[EventCountry "CAN"]

1. d4 e6 2. Nf3 f5 3. c4 b6 4. g3 Bb7 5. Bg2 Nf6 6. Nc3 Bb4 7. O-O O-O 8. Bf4
Bxc3 9. bxc3 d6 10. Qb3 Qe7 11. Rfe1 Nbd7 12. c5 dxc5 13. Ng5 Bd5 14. Bxd5 Nxd5
15. Bd2 Rae8 16. e4 fxe4 17. Rxe4 Qf6 18. f4 cxd4 19. cxd4 Nc5 20. Qf3 Nxe4 21.
Qxe4 Qf5 22. Qe2 h6 23. Nf3 Qg4 24. Kg2 Nxf4+ 25. Bxf4 Rxf4 26. h3 Qxf3+ 27.
Qxf3 Rxf3 28. Kxf3 Kf7 29. Rc1 Re7 30. Rc3 Ke8 31. Kg4 Kd7 32. Kh5 Kd6 33. Kg6
Kd5 34. Rd3 Ke4 35. Rd1 Rd7 36. Rf1 c5 37. dxc5 bxc5 38. Re1+ Kd5 39. h4 c4 40.
Rd1+ Kc6 41. Rxd7 Kxd7 42. Kxg7 c3 43. Kxh6 c2 44. g4 c1=Q+ 45. g5 Ke7 46. h5
Kf7 0-1

[Event "Ouaouais op"]
[Site "Hull CAN"]
[Date "1987.11.08"]
[Round "4"]
[White "Pertras, Mike"]
[Black "Brodie, Hugh"]
[Result "1/2-1/2"]
[WhiteElo "2205"]
[BlackElo "2004"]
[PlyCount "120"]
[EventDate "1987.11.07"]
[EventType "swiss"]
[EventRounds "5"]
[EventCountry "CAN"]

1. d4 e6 2. e4 d5 3. exd5 exd5 4. Bd3 Bd6 5. Nc3 Nf6 6. Nge2 O-O 7. Bf4 c6 8.
Bxd6 Qxd6 9. O-O Bg4 10. Qd2 Bxe2 11. Qxe2 Nbd7 12. Nd1 Rfe8 13. Ne3 Qf4 14. c3
Nf8 15. Rfe1 Ng6 16. g3 Qc7 17. Qf3 Re7 18. Nf5 Rxe1+ 19. Rxe1 Re8 20. Rxe8+
Nxe8 21. Qe2 Qd7 22. h4 Qe6 23. h5 Qxe2 24. Bxe2 Nf8 25. Ne7+ Kh8 26. Bg4 Ne6
27. f4 Nd6 28. Kg2 Nc4 29. b3 Nd6 30. a4 Ne4 31. Bxe6 fxe6 32. c4 Nd2 33. cxd5
exd5 34. b4 Nb3 35. Nc8 Nxd4 36. Nxa7 Nc2 37. b5 cxb5 38. Nxb5 Ne3+ 39. Kf3 Nc4
40. Nc7 Nb6 41. a5 Nc4 42. a6 bxa6 43. Nxa6 Kg8 44. Nc7 Nb6 45. Ke3 Kf7 46. Kd4
Nd7 47. Nxd5 Ke6 48. g4 Kd6 49. g5 Ke6 50. Ne3 Nf8 51. f5+ Kf7 52. Ng4 g6 53.
Ne5+ Kg8 54. Nxg6 hxg6 55. hxg6 Nxg6 56. Kd5 Ne7+ 57. Ke6 Nxf5 58. Kxf5 Kf7 59.
g6+ Kg8 60. Kf6 Kf8 1/2-1/2

[Event "Eastern Ontario op"]
[Site "Ottawa CAN"]
[Date "1987.09.26"]
[Round "1"]
[White "Brodie, Hugh"]
[Black "Hartman, Brian"]
[Result "0-1"]
[WhiteElo "1943"]
[BlackElo "2463"]
[PlyCount "122"]
[EventDate "1987.09.26"]
[EventType "swiss"]
[EventRounds "5"]
[EventCountry "CAN"]

1. e4 e5 2. Nc3 Nf6 3. f4 d5 4. fxe5 Nxe4 5. Nf3 Nc6 6. Bb5 Bc5 7. d4 Bb4 8.
Bd2 Bxc3 9. bxc3 O-O 10. O-O Bg4 11. Qe1 f5 12. exf6 Rxf6 13. Bxc6 bxc6 14. Ne5
Bh5 15. Qe3 Qd6 16. Rxf6 gxf6 17. Nd3 Bg6 18. a4 Re8 19. Qh6 Qf8 20. Qf4 Qg7
21. Rb1 Nd6 22. Rf1 Re2 23. Rf2 Rxf2 24. Qxf2 Ne4 25. Qe3 a5 26. Nf4 Qd7 27. h3
Qe8 28. c4 Nxd2 29. Qxd2 Qe4 30. Nxg6 hxg6 31. cxd5 cxd5 32. c3 Kg7 33. Qb2 g5
34. Kf2 Qf4+ 35. Ke2 Qg3 36. Kf1 Qd3+ 37. Ke1 Qc4 38. Qc2 c5 39. dxc5 Qxc5 40.
Kf1 Qc4+ 41. Kf2 d4 42. Qe2 Qxc3 43. Qe7+ Kg6 44. Qe8+ Kf5 45. g4+ Kf4 46. Qb8+
Ke4 47. Qe8+ Kd5 48. Qf7+ Kc5 49. Qe7+ Kc4 50. Qe6+ Kb4 51. Qxf6 Qe3+ 52. Kg2
d3 53. Qb2+ Kxa4 54. Qa2+ Kb4 55. Qb2+ Kc4 56. Qa2+ Kc3 57. Qxa5+ Kc2 58. Qa2+
Kd1 59. Qb3+ Ke2 60. Qa2+ Qd2 61. Qe6+ Kd1+ 0-1

[Event "Eastern Ontario op"]
[Site "Ottawa CAN"]
[Date "1987.09.26"]
[Round "2"]
[White "Bond, Hal"]
[Black "Brodie, Hugh"]
[Result "0-1"]
[WhiteElo "1826"]
[BlackElo "1943"]
[PlyCount "62"]
[EventDate "1987.09.26"]
[EventType "swiss"]
[EventRounds "5"]
[EventCountry "CAN"]

1. e4 c5 2. d4 cxd4 3. c3 d5 4. e5 Nc6 5. cxd4 Bf5 6. Nf3 e6 7. Nc3 Bb4 8. a3
Bxc3+ 9. bxc3 Nge7 10. Bg5 O-O 11. Nh4 Bg6 12. Nxg6 hxg6 13. h4 f6 14. Qg4 fxg5
15. hxg5 Nf5 16. Bd3 Kf7 17. Bxf5 exf5 18. Qf4 Qa5 19. Kd2 Rh8 20. Rhb1 Rab8
21. g4 Ke6 22. gxf5+ gxf5 23. a4 a6 24. Kd3 Qd8 25. Qf3 Na5 26. g6 Nc4 27. Rh1
Qg5 28. Qe2 Rxh1 29. Rxh1 Qxg6 30. Qf1 f4+ 31. Ke2 f3+ 0-1

[Event "Eastern Ontario op"]
[Site "Ottawa CAN"]
[Date "1987.09.26"]
[Round "3"]
[White "Brodie, Hugh"]
[Black "Webb, Robert"]
[Result "1-0"]
[WhiteElo "1943"]
[BlackElo "1851"]
[PlyCount "71"]
[EventDate "1987.09.26"]
[EventType "swiss"]
[EventRounds "5"]
[EventCountry "CAN"]

1. f4 Nf6 2. Nf3 g6 3. e3 Bg7 4. d4 d5 5. Bd3 O-O 6. O-O Nbd7 7. c3 Ne4 8. Nbd2
f5 9. Ne5 Ndf6 10. Qe1 Qe8 11. Qh4 Nxd2 12. Bxd2 Ne4 13. Qe1 Bd7 14. c4 Bc6 15.
Rc1 e6 16. Bb4 Rf6 17. b3 h6 18. Qe2 g5 19. Rc2 g4 20. Rfc1 a5 21. Ba3 h5 22.
cxd5 exd5 23. Bxe4 fxe4 24. Nxc6 bxc6 25. Rc3 Qg6 26. Be7 Re6 27. Bh4 Bf6 28.
Bxf6 Qxf6 29. Qc2 Ra6 30. Rc5 Qh4 31. Qe2 Rb6 32. Rxa5 Rg6 33. Ra7 Qe7 34. Qd2
Kh7 35. Qa5 Rg8 36. Qxb6 1-0

[Event "Eastern Ontario op"]
[Site "Ottawa CAN"]
[Date "1987.09.27"]
[Round "4"]
[White "Brodie, Hugh"]
[Black "Johnstone, Glenn"]
[Result "0-1"]
[WhiteElo "1943"]
[BlackElo "2317"]
[PlyCount "48"]
[EventDate "1987.09.26"]
[EventType "swiss"]
[EventRounds "5"]
[EventCountry "CAN"]

1. e4 e5 2. Nc3 Bc5 3. Bc4 d6 4. d3 Nf6 5. Nf3 c6 6. Bb3 b5 7. h3 Qb6 8. Qe2 a5
9. a3 Ra7 10. Be3 Na6 11. O-O h6 12. Rad1 Re7 13. Nh4 g5 14. Nf5 Bxf5 15. exf5
d5 16. Bxc5 Nxc5 17. Rfe1 Nxb3 18. cxb3 Kd8 19. Qc2 Rg8 20. d4 exd4 21. Rxe7
Kxe7 22. Qe2+ Kd6 23. Nb1 c5 24. Nd2 Re8 0-1

[Event "CAN-op"]
[Site "Toronto CAN"]
[Date "1987.07.25"]
[Round "1"]
[White "Kwasnychka, Mike"]
[Black "Brodie, Hugh"]
[Result "0-1"]
[WhiteElo "1670"]
[BlackElo "1899"]
[PlyCount "90"]
[EventDate "1987.07.25"]
[EventType "swiss"]
[EventRounds "10"]
[EventCountry "CAN"]

1. e4 c5 2. Nf3 Nc6 3. d4 cxd4 4. Nxd4 g6 5. Nc3 Bg7 6. Be3 Nf6 7. Be2 O-O 8.
O-O d5 9. Nxc6 bxc6 10. Qd2 Nxe4 11. Nxe4 dxe4 12. Qxd8 Rxd8 13. c3 Be6 14. Bc5
Rd2 15. Ba6 Rxb2 16. Bxe7 Rb6 17. Be2 Bxc3 18. Rac1 Be5 19. a3 Bd5 20. Rfd1 Rb7
21. Bc5 f5 22. g3 Kf7 23. h4 Ke6 24. Ba6 Rd7 25. Rb1 Bd6 26. Rbc1 Rb8 27. Bb4
Bxb4 28. axb4 Ke5 29. Rb1 Rb6 30. Be2 Rdb7 31. b5 cxb5 32. Kh2 Bc4 33. f4+ Ke6
34. Bxc4+ bxc4 35. Rbc1 Rb2+ 36. Kh3 Rc7 37. Rd8 c3 38. Rcd1 c2 39. Re8+ Re7
40. Rxe7+ Kxe7 41. Rc1 Kd6 42. Kg2 Kd5 43. Kf2 Kd4 44. Ke2 Kc3 45. Ke3 Rb1 0-1

[Event "CAN-op"]
[Site "Toronto CAN"]
[Date "1987.07.26"]
[Round "2"]
[White "Brodie, Hugh"]
[Black "Yelubandi, K."]
[Result "1-0"]
[WhiteElo "1899"]
[BlackElo "1646"]
[PlyCount "53"]
[EventDate "1987.07.25"]
[EventType "swiss"]
[EventRounds "10"]
[EventCountry "CAN"]

1. e4 d6 2. d4 Nf6 3. Nc3 Be6 4. f4 g6 5. Nf3 Qc8 6. Bd3 Bg7 7. O-O Bg4 8. Qe1
Bxf3 9. Rxf3 Nh5 10. Be3 Nc6 11. Ne2 e5 12. fxe5 dxe5 13. d5 Nd8 14. Qh4 Qd7
15. Raf1 Nf4 16. Nxf4 exf4 17. Bxf4 Bxb2 18. Bg5 O-O 19. Be7 Re8 20. Bxd8 Qxd8
21. Qh6 Bd4+ 22. Kh1 f6 23. e5 f5 24. Bxf5 Bxe5 25. Be6+ Kh8 26. Rf7 Bg7 27.
Qxg7# 1-0

[Event "CAN-op"]
[Site "Toronto CAN"]
[Date "1987.07.26"]
[Round "3"]
[White "Brand, David"]
[Black "Brodie, Hugh"]
[Result "1-0"]
[WhiteElo "2086"]
[BlackElo "1899"]
[PlyCount "101"]
[EventDate "1987.07.25"]
[EventType "swiss"]
[EventRounds "10"]
[EventCountry "CAN"]

1. d4 e6 2. Nf3 f5 3. g3 b6 4. Bg2 Bb7 5. O-O Nf6 6. c4 Be7 7. Nc3 O-O 8. d5
exd5 9. cxd5 Bb4 10. Bg5 Bxc3 11. bxc3 h6 12. Bxf6 Qxf6 13. Nd4 Na6 14. c4 Nc5
15. Nb3 Qd6 16. Nxc5 Qxc5 17. Rc1 f4 18. Bh3 Qe7 19. Qd3 d6 20. Be6+ Kh8 21.
Qe4 fxg3 22. hxg3 Rae8 23. f4 Bc8 24. f5 g6 25. g4 gxf5 26. gxf5 Rg8+ 27. Kh2
Qf6 28. Rg1 Rg5 29. Rxg5 Qxg5 30. Rg1 Qh5+ 31. Kg2 Bxe6 32. dxe6 Rg8+ 33. Kf2
Qh2+ 34. Rg2 Rxg2+ 35. Qxg2 Qh4+ 36. Kf3 Qxc4 37. Qg6 Qd5+ 38. Kf2 Qd4+ 39. e3
Qd2+ 40. Kf3 Qd5+ 41. Kf4 Qe5+ 42. Kf3 Qd5+ 43. Ke2 Qxa2+ 44. Ke1 Qb1+ 45. Kf2
Qb2+ 46. Kf3 Qg7 47. Kg4 c5 48. Kh5 c4 49. f6 Qb7 50. Qe8+ Kh7 51. Qd7+ 1-0